Overwatch 2 Guess The Skins - Statistics

General Stats
  • This quiz has been taken 102 times
  • The average score is 6 of 16
Answer Stats
Picture Answer % Correct
Zeus
82%
Saitama
81%
Oni
75%
Warlock
40%
Amaterasu
34%
Pale Serpent
32%
Llama Pajamas
30%
Aviator
27%
Mei-rry
27%
Midas
26%
Azmodan
23%
Okami
23%
Royal Knight
19%
Zen-Nakji
14%
Palanquin
11%
Tyrande
10%
No matching quizzes found
Score Distribution
Percent of People with Each Score
Percentile by Number Answered
Your Score History
You have not taken this quiz